Πρώτες ενθυμήσεις

Αποθηκεύτηκε σε:
Λεπτομέρειες βιβλιογραφικής εγγραφής
Κύριος συγγραφέας: Δέλτα, Πηνελόπη Σ., 1874-1941
Άλλοι συγγραφείς: Ζάννας, Παναγιώτης Α. (Επιμελητής έκδοσης)
Μορφή: Βιβλίο
Γλώσσα:Greek
Δημοσίευση: Αθήνα : Ερμής, 1989
Σειρά:Νέα ελληνική βιβλιοθήκη (Εκδοτική Ερμής)
Θέματα:
Ετικέτες: Προσθήκη ετικέτας
Δεν υπάρχουν, Καταχωρήστε ετικέτα πρώτοι!

MARC

LEADER 00000cam a2200000 i 4500
001 1/98937
008 950321s1989 gr | ||| |||| ||gre||
035 |l 10011116 
040 |a GR-MY-UA  |b gre  |e aacr 
041 0 |a gre 
082 0 |a 889.3092 
100 1 |a Δέλτα, Πηνελόπη Σ.,   |d 1874-1941. 
245 1 0 |a Πρώτες ενθυμήσεις /  |c Π. Σ. Δέλτα ; Επιμέλεια Π. Α. Ζάννας 
260 |a Αθήνα :   |b Ερμής,   |c 1989 
300 |a 256 σ.  |b εικ. 
490 1 |a Νέα ελληνική βιβλιοθήκη 
650 0 0 |a Greek literature. 
700 1 |a Ζάννας, Παναγιώτης Α.  |4 edt 
830 0 |a Νέα ελληνική βιβλιοθήκη (Εκδοτική Ερμής) 
852 |a INST  |b LESVOS  |e 19950321  |h 889.3092 ΔΕΛ  |p 005100002185  |q 005100002185  |t BK  |y 0